000 00779cab a2200181 4500
001 ##L133897
008 060616n2006 000 0 eng u
035 _a(Sirsi) u133897
041 0 _aeng
100 1 _aPearson, David
245 0 0 _aTerminating a contract for FM services
260 _c2006
490 0 _aFacilities Management
_v13(9) June 2006, 18-19(2)
520 _aLooks at the issues involved, including the legal position on fundamental and ordinary breach of contract, the opportunity to remedy breaches, and terms limiting liability for loss. Advises on what a termination notice should include. Also considers termination by the contractor.
590 _aIKA200606
690 _aMANAGEMENT-FACILITIES MANAGEMENT-PROCUREMENT OF FACILITIES SERVICES
942 _n0
999 _c77253
_d77253